00599nam a2200169Ia 4500008004100000020001500041041001200056082001100068100001600079245006300095260004200158300000800200650001700208942000700225999001700232952018000249221030s9999 xx 000 0 und d a8188458163 aEnglish a105.23 aD. S. Kumar 0aEngineering Mechanics : Statics & Dynamicscby D. S. Kumar bS. K. Kataria & SonsaNew Delhic2012 a723 aBB Mechanics cBK c10175d10175 pBB 555g325.00l0o105.23 eZigma, Jammur2024-06-13 00:00:00w2022-10-30yBK003Print4070aMIETLIBbMIETLIBcBL-Academic Block B, FL-2, CUP-1, SH-2, R-2d2012-04-0210HBB